Спортивные игры. Совершенствование спортивного мастерства: учебник для вузов

Bibliografiske detaljer
Andre forfattere: Железняк Ю. Д. Юрий Дмитриевич (редактор), Портнов Ю. М. Юрий Михайлович
Summary:В учебнике излагаются вопросы совершенствования технической, тактической, физической, психологической подготовки спортсменов; планирования и комплексного контроля в процессе тренировки по волейболу, баскетболу, гандболу, хоккею, футболу, теннису; перспективы развития названных игр. В качестве ознакомительного курса представлен настольный теннис. Для студентов высших учебных заведений. Может быть полезен преподавателям вузов и колледжей, учителям физической культуры и тренерам команд по спортивным играм.
Sprog:russisk
Udgivet: Москва, Академия, 2008
Udgivelse:3-е изд., стер.
Serier:Высшее профессиональное образование. Физическая культура и спорт
Fag:
Format: MixedMaterials Bog
KOHA link:https://koha.lib.tpu.ru/cgi-bin/koha/opac-detail.pl?biblionumber=142746

MARC

LEADER 00000nam0a2200000 4500
001 142746
005 20231031142846.0
010 |a 9785769542855 
035 |a (RuTPU)RU\TPU\book\154697 
035 |a RU\TPU\book\130921 
035 |a RU\TPU\book\154697 
090 |a 142746 
100 |a 20070906d2008 m y0rusy50 ca 
101 0 |a rus 
102 |a RU 
105 |a a j 001zy 
200 1 |a Спортивные игры. Совершенствование спортивного мастерства  |e учебник для вузов  |f под ред. Ю. Д. Железняка и Ю. М. Портнова 
205 |a 3-е изд., стер. 
210 |a Москва  |c Академия  |d 2008 
215 |a 400 с.  |c ил. 
225 1 |a Высшее профессиональное образование. Физическая культура и спорт 
320 |a Библиография в конце глав. 
330 |a В учебнике излагаются вопросы совершенствования технической, тактической, физической, психологической подготовки спортсменов; планирования и комплексного контроля в процессе тренировки по волейболу, баскетболу, гандболу, хоккею, футболу, теннису; перспективы развития названных игр. В качестве ознакомительного курса представлен настольный теннис. Для студентов высших учебных заведений. Может быть полезен преподавателям вузов и колледжей, учителям физической культуры и тренерам команд по спортивным играм. 
451 1 |0 (RuTPU)RU\TPU\book\130921  |y 978-5-7695-4285-5  |t Спортивные игры. Совершенствование спортивного мастерства  |o учебник для вузов  |f под ред. Ю. Д. Железняка и Ю. М. Портнова  |e 2-е изд., стер.  |c М.  |n Академия  |d 2007  |p 400 с.  |s Высшее профессиональное образование. Физическая культура и спорт 
606 1 |a Спортивные игры  |2 stltpush  |3 (RuTPU)RU\TPU\subj\56037 
610 1 |a спорт 
610 1 |a физическая культура 
610 1 |a волейбол 
610 1 |a баскетбол 
610 1 |a гандбол 
610 1 |a хоккей 
610 1 |a футбол 
610 1 |a теннис 
610 1 |a настольный теннис 
610 1 |a учебники 
675 |a 796.3(075.8)  |v 3 
702 1 |a Железняк  |b Ю. Д.  |g Юрий Дмитриевич  |4 340 
702 1 |a Портнов  |b Ю. М.  |g Юрий Михайлович  |4 340 
801 1 |a RU  |b 63413507  |c 20080911  |g PSBO 
801 2 |a RU  |b 63413507  |c 20140411  |g PSBO 
900 |a Спортивные игры 
900 |a Волейбол 
942 |c BK 
951 |b 050720 
959 |a 79/20080910  |d 5  |e 0  |f ЧЗГЛ:1  |f УФ:4 
959 |a 115/20081202  |d 5  |e 0  |f ЧЗГЛ:1  |f УФ:4